000 00722cab a2200217 4500
001 ABS41928
008 090401t1990 xxu||||| |||| 00| 0 eng d
035 _a(Sirsi) u33531
041 _aeng
100 _aSimmonds, D.
245 _aIs Edition 3 the answer?
260 _c1990
300 _aSee also Abstract 41655
350 _a0
490 _aConstruction News
_v(6144) 4 January 1990, 22(1)
520 _aAnalysis of Edition 3 of the General Conditions of Government Contracts for Building and Civil Engineering Works, GC/Works/1 Edition 3 . Reference is made to Edition 2.
650 _aProject management
_96261
690 _aBUILT ENVIRONMENT-BUILDING CONTRACT FORMS
942 _n0
948 _c04/03/1997
999 _c22394
_d22394